| LEADER 00000nam 2200000uu 4500 |
| 008 130117s2555||||th 000 0 tha d |
| 041 0 ^atha
|
| 060 4 ^aวพ WG201 ส833ป 2555
|
| 100 0 ^aสุเพียร โภคทิพย์.
|
| 245 00 ^aรายงานวิทยานิพนธ์เรื่อง ประสบการณ์ชีวิตของผู้หญิงอีสานที่เป็นโรคกล้ามเนื้อหัวใจตาย./^bสุเพียร โภคทิพย์.
|
| 260 ^aขอนแก่น : ^bมหาวิทยาลัยขอนแก่น,^c2555
|
| 300 ^a[ก]-ฌ,343 หน้า.
|
| 500 ^aวิทยานิพนธ์ (ปร.ด) - - สาขาวิชาการพยาบาล บัณฑิตวิทยาลัย มหาวิทยาลัยขอนแก่น,2555.
|
| 650 0 ^aหัวใจ,โรค
|
| 650 0 ^aโรคกล้ามเนื้อหัวใจตาย
|
| 650 0 ^aดุษฎีนิพนธ์.
|
| 710 2 ^aมหาวิทยาลัยขอนแก่น.
|
| 999 ^aใช้งานได้ทุกระบบ
|